Cambridge academic English : (Record no. 17013)

MARC details
000 -LEADER
fixed length control field 01554cam a22003615a 4500
001 - CONTROL NUMBER
control field 016049136
003 - CONTROL NUMBER IDENTIFIER
control field EG-ScBUE
005 - DATE AND TIME OF LATEST TRANSACTION
control field 20220605105852.0
008 - FIXED-LENGTH DATA ELEMENTS--GENERAL INFORMATION
fixed length control field 120307s2012 enka f 000 0 eng d
020 ## - INTERNATIONAL STANDARD BOOK NUMBER
International Standard Book Number 0521165210
020 ## - INTERNATIONAL STANDARD BOOK NUMBER
International Standard Book Number 9780521165211
040 ## - CATALOGING SOURCE
Original cataloging agency StDuBDS
Language of cataloging eng
Description conventions rda
Transcribing agency StDuBDS
Modifying agency EG-ScBUE
-- EG-ScBUE
082 04 - DEWEY DECIMAL CLASSIFICATION NUMBER
Classification number 428.240711
Item number HEW
Edition number 22
100 1# - MAIN ENTRY--PERSONAL NAME
Personal name Hewings, Martin,
Relator term author.
9 (RLIN) 28426
245 10 - TITLE STATEMENT
Title Cambridge academic English :
Remainder of title an integrated skills course for EAP,
Name of part/section of a work Student's book,
-- Advanced /
Statement of responsibility, etc by Martin Hewings, Craig Thaine.
246 30 - VARYING FORM OF TITLE
Title proper/short title Academic English
264 #1 - PUBLICATION, DISTRIBUTION, ETC. (IMPRINT)
Place of publication, distribution, etc Cambridge :
Name of publisher, distributor, etc Cambridge University Press,
Date of publication, distribution, etc 2012.
300 ## - PHYSICAL DESCRIPTION
Extent 176 pages :
Other physical details illustrations ;
Dimensions 28 cm
336 ## - CONTENT TYPE
Source rdacontent
Content type term text
Content type code txt
337 ## - MEDIA TYPE
Source rdamedia
Media type term unmediated
Media type code n
338 ## - CARRIER TYPE
Source rdacarrier
Carrier type term volume
Carrier type code nc
520 ## - SUMMARY, ETC.
Summary, etc A three-level (B1+ to C1) integrated skills course for higher education students at university or on foundation courses. The Teacher's Book provides extensive teacher support including teaching notes and additional photocopiable worksheets for the classroom.<br/>
590 ## - LOCAL NOTE (RLIN)
Local note Mohamed Hussein
650 #7 - SUBJECT ADDED ENTRY--TOPICAL TERM
Topical term or geographic name as entry element English language
General subdivision Rhetoric.
Source of heading or term BUEsh
9 (RLIN) 30948
650 #7 - SUBJECT ADDED ENTRY--TOPICAL TERM
Topical term or geographic name as entry element Academic language.
Source of heading or term BUEsh
9 (RLIN) 30945
650 #7 - SUBJECT ADDED ENTRY--TOPICAL TERM
Topical term or geographic name as entry element English language
General subdivision Study and teaching (Higher)
-- Foreign speakers.
Source of heading or term BUEsh
650 #7 - SUBJECT ADDED ENTRY--TOPICAL TERM
Topical term or geographic name as entry element Academic writing
Form subdivision Problems, exercises, etc.
Source of heading or term BUEsh
651 ## - SUBJECT ADDED ENTRY--GEOGRAPHIC NAME
Source of heading or term BUEsh
653 ## - INDEX TERM--UNCONTROLLED
Resource For college Humanities: English
Arrived date list August2015
-- October2018
655 ## - INDEX TERM--GENRE/FORM
Form subdivision Reading book
9 (RLIN) 34232
700 1# - ADDED ENTRY--PERSONAL NAME
Personal name Thaine, Craig,
Dates associated with a name 1958-
Relator term author.
9 (RLIN) 21378
942 ## - ADDED ENTRY ELEMENTS (KOHA)
Source of classification or shelving scheme Dewey Decimal Classification
Koha item type Book - Borrowing
Holdings
Withdrawn status Lost status Source of classification or shelving scheme Damaged status Not for loan Collection code Home library Current library Shelving location Date acquired Source of acquisition Total Checkouts Full call number Barcode Date last seen Date checked out Price effective from Koha item type Total Renewals
    Dewey Decimal Classification     Baccah Central Library Central Library Second Floor 20/09/2012   1 428.240711 HEW 000027204 15/07/2025 23/09/2012 20/09/2012 NB - Book (Non borrowing)  
    Dewey Decimal Classification     Baccah Central Library Central Library Second Floor 20/09/2012   2 428.240711 HEW 000027205 15/07/2025 21/02/2013 20/09/2012 Book - Borrowing 20
    Dewey Decimal Classification     Baccah Central Library Central Library Second Floor 20/09/2012   2 428.240711 HEW 000027206 15/07/2025 12/11/2019 20/09/2012 Book - Borrowing 1
    Dewey Decimal Classification     Baccah Central Library Central Library Second Floor 20/09/2012   1 428.240711 HEW 000027207 15/07/2025 23/09/2012 20/09/2012 Book - Borrowing 2
    Dewey Decimal Classification     Baccah Central Library Central Library Second Floor 20/09/2012 Purchase 1 428.240711 HEW 000027208 15/07/2025 23/09/2012   Book - Borrowing  
    Dewey Decimal Classification     Baccah Central Library Central Library Second Floor 20/09/2012   1 428.240711 HEW 000027209 15/07/2025 24/09/2012 20/09/2012 Book - Borrowing 1
    Dewey Decimal Classification     Baccah Central Library Central Library Second Floor 20/09/2012   3 428.240711 HEW 000027210 15/07/2025 03/06/2015 20/09/2012 Book - Borrowing 17
    Dewey Decimal Classification     Baccah Central Library Central Library Second Floor 20/09/2012 Purchase 2 428.240711 HEW 000027211 15/07/2025 12/11/2019   Book - Borrowing 11
    Dewey Decimal Classification     Baccah Central Library Central Library Second Floor 20/09/2012   2 428.240711 HEW 000027212 15/07/2025 20/02/2013   Book - Borrowing 11
    Dewey Decimal Classification     Baccah Central Library Central Library Second Floor 20/09/2012 Purchase 1 428.240711 HEW 000027213 15/07/2025 17/10/2012   Book - Borrowing  
    Dewey Decimal Classification     Baccah Central Library Central Library Second Floor 20/09/2012   1 428.240711 HEW 000027214 15/07/2025 26/09/2012 20/09/2012 Book - Borrowing 1
    Dewey Decimal Classification     Baccah Central Library Central Library Second Floor 20/09/2012   1 428.240711 HEW 000027215 15/07/2025 26/09/2012 20/09/2012 Book - Borrowing 1
    Dewey Decimal Classification     Baccah Central Library Central Library Second Floor 20/09/2012   2 428.240711 HEW 000027216 15/07/2025 21/02/2013   Book - Borrowing 15
    Dewey Decimal Classification     Baccah Central Library Central Library Second Floor 20/09/2012   2 428.240711 HEW 000027217 15/07/2025 27/12/2018 20/09/2012 Book - Borrowing  
    Dewey Decimal Classification     Baccah Central Library Central Library Second Floor 20/09/2012   1 428.240711 HEW 000027218 15/07/2025 27/09/2012 20/09/2012 Book - Borrowing